| 000 | 00498nam a2200169 a 4500 | ||
|---|---|---|---|
| 001 | 1846 | ||
| 003 | CDMR | ||
| 005 | 20130523192059.0 | ||
| 008 | 130130s1996||||||||||||||||||||||||||||d | ||
| 020 | _a8488645996 | ||
| 040 |
_aCDMR _bcat _cCPC LLEIDA |
||
| 100 | 1 |
_aSabaté, Flocel _91378 |
|
| 245 | 1 | 0 |
_aL'expansió territorial de Catalunya (segles IX-XII) _b: ¿ conquesta o repoblació ? _cFlocel SABATÉ |
| 260 |
_aLleida _c1996 _bUniversitat de Lleida |
||
| 490 | 0 |
_aEspai/Temps _v28 |
|
| 942 |
_cMON _2udc |
||
| 999 |
_c1846 _d1846 |
||